[Учись применять математику] : (Математика без формул). Вып. 3 (Запись № 30480)

Подробности
000 -МАРКЕР
контрольное поле 00940nam a2200241 cc4500
001 - КОНТРОЛЬНЫЙ НОМЕР ЗАПИСИ
контрольное поле 000030480
003 - ПРИНАДЛЕЖНОСТЬ КОНТРОЛЬНОГО НОМЕРА
контрольное поле RuMoIPM
005 - ДАТА И ВРЕМЯ ПОСЛЕДНЕЙ ТРАНЗАКЦИИ
контрольное поле 20260505123910.0
008 - ЭЛЕМЕНТЫ ДАННЫХ ФИКСИРОВАННОЙ ДЛИНЫ
контрольное поле 230210s1979 ru ||||||| |||| ||rus d
035 ## - КОНТРОЛЬНЫЙ НОМЕР СИСТЕМЫ
контрольный номер системы (RuMoBEN) 002083516
035 ## - КОНТРОЛЬНЫЙ НОМЕР СИСТЕМЫ
контрольный номер системы (ELAR retro) [2022] 000034520
040 ## - ОРГАНИЗАЦИЯ-СОЗДАТЕЛЬ ЗАПИСИ
организация-создатель исходной библиографической записи RuMoBEN
язык каталогизации rus
правила каталогизации rcr
041 0# - КОД ЯЗЫКА
код языка текста Русский
044 ## - КОД СТРАНЫ ПУБЛИКАЦИИ/ИЗГОТОВЛЕНИЯ
MARC код страны публикации/изготовления Российская Федерация
080 ## - ИНДЕКС УНИВЕРСАЛЬНОЙ ДЕСЯТИЧНОЙ КЛАССИФИКАЦИИ
индекс Универсальной десятичной классификации 51(023)
245 10 - ОБЛАСТЬ ЗАГЛАВИЯ И СВЕДЕНИЙ ОБ ОТВЕТСТВЕННОСТИ
заглавие Вып. 3
сведения об ответственности и т. д Ю. В. Пухначев, Ю. П. Попов
260 ## - ОБЛАСТЬ ВЫХОДНЫХ ДАННЫХ
дата издания, распространения и т. д 1979
300 ## - ОБЛАСТЬ КОЛИЧЕСТВЕННОЙ ХАРАКТЕРИСТИКИ
объём 160 с.
прочее ил.
500 ## - ПРИМЕЧАНИЕ ОБЩЕГО ХАРАКТЕРА
текст примечания Загл. вып. 3: Математика без формул
504 ## - ПРИМЕЧАНИЕ О НАЛИЧИИ БИБЛИОГРАФИЧЕСКИХ ПЕРЕЧНЕЙ И ССЫЛОК
текст примечания Библиогр.: с. 159
773 ## - ПОИСКОВЫЙ ПРИЗНАК НА ОСНОВНУЮ ЕДИНИЦУ, СОСТАВНОЙ ЧАСТЬЮ КОТОРОЙ ЯВЛЯЕТСЯ ОПИСЫВАЕМЫЙ МАТЕРИАЛ
заголовок/основной поисковый признак основной записи (автор) Пухначев, Юрий Васильевич
заглавие [Учись применять математику] : (Математика без формул)
место издания, издательство/издатель и дата публикации Москва: Знание, 1977-
контрольный номер связываемой записи 000030479
сведения о связи Вып. 3
область серии из связываемой записи Народный университет. Естественнонаучный факультет
942 ## - ДАННЫЕ О ЗАПИСИ (KOHA)
Тип экземпляра (KOHA) Книга
Экземпляры
Статус выдачи Библиотека держатель Текущая библиотека Местонахождение Шифр хранения Тип экземпляра
  Институт прикладной математики им. М.В. Келдыша Институт прикладной математики им. М.В. Келдыша Миусская 51 / П 90 Книга